Jeux Olympiques 1932 - Pays participants - Statistiques

Statistiques générales
  • Ce quiz a été pris 23 fois
  • Le résultat moyen est 45 sur 49
Réponses sur la Carte
Les réponses sont colorées sur une échelle allant du rouge au vert en fonction du pourcentage des utilisateurs qui les ont devinées à leur premier essai. Vous pouvez retrouver ces pourcentages ci-dessous.
 
Statistiques - réponses
Nombre d'athlètes Pays % Correct
144 Allemagne
100%
13 Australie
100%
102 Canada
100%
07 Espagne
100%
474 Etats-Unis
100%
65 France
100%
16 Irlande
100%
06 Portugal
100%
108 Royaume-Uni
100%
33 Argentine
95%
36 Belgique
95%
67 Brésil
95%
01 Chine
95%
Chine
95%
43 Danemark
95%
10 Grèce
95%
58 Hongrie
95%
19 Inde
95%
Inde
95%
Inde
95%
Inde
95%
102 Italie
95%
73 Mexique
95%
20 Pologne
95%
05 Suisse
95%
12 Afrique du Sud
89%
Afrique du Sud
89%
19 Autriche
89%
01 Colombie
89%
02 Estonie
89%
40 Finlande
89%
131 Japon
89%
05 Norvège
89%
21 Nouvelle-Zélande
89%
45 Pays-Bas
89%
81 Suède
89%
07 Tchécoslovaquie
89%
Tchécoslovaquie
89%
01 Uruguay
89%
01 Yougoslavie
89%
Yougoslavie
89%
Yougoslavie
89%
Yougoslavie
89%
Yougoslavie
89%
Yougoslavie
89%
Yougoslavie
89%
02 Lettonie
84%
02 Haïti
63%
08 Philippines
53%
Aucun quiz correspondant
Distribution des résultats
% des personnes avec chaque résultat
Percentile par nombre de réponses
Votre historique - résultats
Vous n’avez pas pris ce quiz